[Event "Titled Tuesday intern op 23rd Apr Late"]
[Site "Chess.com INT"]
[Date "2024.04.23"]
[Round "1"]
[White "Akhayan, Ruben"]
[Black "Hamitevici, Vladimir"]
[Result "0-1"]
[WhiteElo "2260"]
[BlackElo "2445"]
[PlyCount "150"]
[EventDate "2024.04.23"]
[EventType "swiss (blitz)"]
[EventRounds "11"]
[EventCountry "USA"]
[SourceTitle "CB18_2024"]
[SourceDate "2024.05.01"]
[SourceVersion "1"]
[SourceVersionDate "2024.05.01"]
[SourceQuality "2"]

1. e4 e5 2. Bc4 Nf6 3. d3 c6 4. Nf3 d5 5. Bb3 Bb4+ 6. c3 Bd6 7. exd5 cxd5 8. 0-0 0-0 9. Re1 Nc6 10. Bg5 Be6 11. Nbd2 h6 12. Bh4 Re8 13. Bg3 Qc7 14. Ba4 Bf5 15. d4 e4 16. Bxd6 Qxd6 17. Ne5 Nxe5 18. dxe5 Qxe5 19. Bxe8 Rxe8 20. Nf1 Rc8 21. Qd2 Be6 22. Rad1 b6 23. a3 h5 24. Qe3 h4 25. Qd4 Qg5 26. Qe3 Qf5 27. h3 Nh5 28. f3 Nf6 29. Nd2 exf3 30. Qxf3 Qg5 31. Qe3 Qh5 32. Qf3 Qg6 33. Kh1 Nh5 34. Nf1 Rc4 35. Rd4 Rxd4 36. cxd4 Nf6 37. Nd2 Bf5 38. Qf4 Qh5 39. Rf1 Be4 40. Nxe4 dxe4 41. Kh2 Qd5 42. Qe3 Qd6+ 43. Qf4 Qxd4 44. Re1 Qxb2 45. Qxh4 Qxa3 46. Qf4 Qe7 47. Qb8+ Kh7 48. Qf4 g6 49. Qh4+ Kg7 50. Qg3 b5 51. Qc3 b4 52. Qb2 a5 53. Rf1 Qd6+ 54. Kh1 a4 55. g4 a3 56. Qa1 g5 57. h4 Kg6 58. hxg5 Kxg5 59. Qc1+ Kg6 60. Qe3 Qd3 61. Qf2 Qh3+ 62. Kg1 Qxg4+ 63. Kh1 Qh5+ 64. Kg1 Qg5+ 65. Kh1 Qh6+ 66. Kg1 Kg7 67. Qd4 Qg5+ 68. Kh1 Qh4+ 69. Kg1 Kg6 70. Rf2 Ng4 71. Rg2 f5 72. Qd6+ Qf6 73. Qf4 Qb6+ 74. Kh1 Qf6 75. Kg1 Qa1+ 0-1

[Event "Titled Tuesday intern op 23rd Apr Late"]
[Site "Chess.com INT"]
[Date "2024.04.23"]
[Round "11"]
[White "Deac, Bogdan Daniel"]
[Black "Hamitevici, Vladimir"]
[Result "1-0"]
[WhiteElo "2692"]
[BlackElo "2445"]
[PlyCount "159"]
[EventDate "2024.04.23"]
[EventType "swiss (blitz)"]
[EventRounds "11"]
[EventCountry "USA"]
[SourceTitle "CB18_2024"]
[SourceDate "2024.05.01"]
[SourceVersion "1"]
[SourceVersionDate "2024.05.01"]
[SourceQuality "2"]

1. e4 e6 2. Qe2 c5 3. Nf3 Nc6 4. c3 d5 5. exd5 Qxd5 6. g3 b6 7. Bg2 Bb7 8. Na3 Nf6 9. Nc4 Rc8 10. 0-0 Be7 11. Rd1 0-0 12. d3 Rfd8 13. a4 Ba8 14. Bf4 h6 15. h4 Qh5 16. Re1 Nd5 17. Bd2 Bf6 18. Qf1 Nde7 19. Nh2 Ne5 20. Nxe5 Bxg2 21. Kxg2 Bxe5 22. g4 Qxh4 23. Rxe5 Ng6 24. Rh5 Qf6 25. Qe2 e5 26. Be3 Qc6+ 27. Qf3 Rxd3 28. Qxc6 Rxc6 29. g5 hxg5 30. Rxg5 Rcd6 31. Re1 Rd1 32. Rxd1 Rxd1 33. Nf3 Ra1 34. Nxe5 Nxe5 35. Rxe5 Rxa4 36. Re8+ Kh7 37. Re7 Kg6 38. Rb7 Ra2 39. b4 cxb4 40. cxb4 Ra4 41. Bd2 Kf6 42. Bc3+ Ke6 43. Bxg7 Rxb4 44. Bc3 Ra4 45. Kf1 Ra3 46. Bb4 Ra4 47. Bd2 Ra2 48. Ke2 Ra4 49. Kd3 f5 50. f4 Ra3+ 51. Bc3 Ra4 52. Be5 Ra3+ 53. Kc4 Ra4+ 54. Kb3 Ra5 55. Rh7 Kd5 56. Rd7+ Ke4 57. Rd4+ Kf3 58. Rd6 Ke4 59. Rd7 Rb5+ 60. Kc4 Ra5 61. Kb4 Ra2 62. Kb3 Ra5 63. Re7 Kf3 64. Bb8 Rb5+ 65. Kc3 Ra5 66. Rb7 Ra4 67. Kb3 Ra5 68. Be5 Ke4 69. Kb4 Kf3 70. Rh7 Ke4 71. Rh1 Ra2 72. Re1+ Kf3 73. Kb3 Ra5 74. Bd6 Kg4 75. Re2 Kf3 76. Re5 Rxe5 77. fxe5 Ke4 78. e6 Kd5 79. e7 Kxd6 80. e8Q 1-0

[Event "Titled Tuesday intern op 23rd Apr Late"]
[Site "Chess.com INT"]
[Date "2024.04.23"]
[Round "4"]
[White "Durarbayli, Vasif"]
[Black "Hamitevici, Vladimir"]
[Result "1-0"]
[WhiteElo "2627"]
[BlackElo "2445"]
[PlyCount "59"]
[EventDate "2024.04.23"]
[EventType "swiss (blitz)"]
[EventRounds "11"]
[EventCountry "USA"]
[SourceTitle "CB18_2024"]
[SourceDate "2024.05.01"]
[SourceVersion "1"]
[SourceVersionDate "2024.05.01"]
[SourceQuality "2"]

1. e4 e6 2. d4 d5 3. e5 c5 4. c3 Nc6 5. Nf3 Nge7 6. Na3 Nf5 7. Nc2 Bd7 8. Bd3 Be7 9. 0-0 cxd4 10. cxd4 0-0 11. Rb1 a5 12. Bf4 a4 13. b4 axb3 14. axb3 Nb4 15. Nxb4 Bxb4 16. Kh1 Be7 17. g4 Nh4 18. Nxh4 Bxh4 19. g5 Bxg5 20. Qh5 h6 21. Bg3 f5 22. exf6 Bxf6 23. Qg6 Be8 24. Qh7+ Kf7 25. Rfe1 Ke7 26. Rxe6+ Kxe6 27. Bf5+ Kf7 28. Re1 Bxd4 29. Bg6+ Kf6 30. Bh4# 1-0

[Event "Titled Tuesday intern op 02nd Apr Early"]
[Site "Chess.com INT"]
[Date "2024.04.02"]
[Round "5"]
[White "Hamitevici, Vladimir"]
[Black "Paravyan, David"]
[Result "1/2-1/2"]
[WhiteElo "2445"]
[BlackElo "2606"]
[PlyCount "119"]
[EventDate "2024.04.02"]
[EventType "swiss (blitz)"]
[EventRounds "11"]
[EventCountry "USA"]
[SourceTitle "CB15_2024"]
[SourceDate "2024.04.10"]
[SourceVersion "1"]
[SourceVersionDate "2024.04.10"]
[SourceQuality "1"]

1. c3 Nf6 2. g3 d5 3. Bg2 e5 4. d3 h6 5. Nf3 Nc6 6. b4 Bd6 7. b5 Ne7 8. Ba3 a6 9. Bxd6 Qxd6 10. c4 dxc4 11. dxc4 Qxd1+ 12. Kxd1 axb5 13. Nxe5 Ng4 14. Nxg4 Bxg4 15. cxb5 c6 16. Nc3 0-0 17. Kc2 cxb5 18. Bxb7 Rab8 19. Bf3 Bxf3 20. exf3 Rfc8 21. Kb2 Nc6 22. Rac1 Ne5 23. Rhd1 b4 24. Nd5 Rxc1 25. Kxc1 Nxf3 26. Rd3 Nxh2 27. Rb3 Ng4 28. Rxb4 Rxb4 29. Nxb4 Nxf2 30. a4 Ne4 31. a5 Nd6 32. a6 Nb5 33. Nc6 Kf8 34. Kd2 Ke8 35. a7 Nc7 36. Ke3 Kd7 37. Nb8+ Kc8 38. Na6 Na8 39. Nc5 Kc7 40. Ne4 Kb6 41. Nd6 Kxa7 42. Nxf7 Kb6 43. Kf4 Nc7 44. Kf5 Kc5 45. Nd8 Kd5 46. Kg6 Ne8 47. Kf7 Ke5 48. Kxe8 Kf5 49. Kf7 g5 50. Ne6 h5 51. Ng7+ Kg4 52. Kg6 h4 53. gxh4 gxh4 54. Nf5 h3 55. Ne3+ Kf3 56. Nf1 Kg2 57. Ne3+ Kf2 58. Ng4+ Kg3 59. Kg5 h2 60. Nxh2 1/2-1/2

[Event "Titled Tuesday intern op 27th Feb Late"]
[Site "Chess.com INT"]
[Date "2024.02.27"]
[Round "1"]
[White "Hamitevici, Vladimir"]
[Black "Xie, Bryan"]
[Result "0-1"]
[WhiteElo "2470"]
[BlackElo "2266"]
[PlyCount "72"]
[EventDate "2024.02.27"]
[EventType "swiss (blitz)"]
[EventRounds "11"]
[EventCountry "USA"]
[SourceTitle "CB10_2024"]
[SourceDate "2024.03.06"]
[SourceVersion "1"]
[SourceVersionDate "2024.03.06"]
[SourceQuality "1"]

1. c4 e6 2. Nf3 d5 3. g3 Nf6 4. Bg2 d4 5. 0-0 c5 6. b4 cxb4 7. a3 Nc6 8. Qa4 Bd7 9. Bb2 Ne5 10. Qb3 Nxf3+ 11. Bxf3 bxa3 12. Bxd4 Bc6 13. Bxc6+ bxc6 14. e3 Be7 15. Nxa3 0-0 16. Qa4 Qc7 17. Nc2 c5 18. Bc3 Ne4 19. Ba5 Qd6 20. d4 cxd4 21. exd4 Rfc8 22. Rfe1 Ng5 23. Re3 h5 24. h4 Nh7 25. Bb4 Qd8 26. Bxe7 Qxe7 27. d5 Nf8 28. Nd4 Qc5 29. Nc6 Ng6 30. Rd1 exd5 31. cxd5 Re8 32. Rxe8+ Rxe8 33. Qxa7 Qc2 34. Qd4 Re4 35. Qd3 Re1+ 36. Kg2 Qxd1 0-1

[Event "Sebes GP op"]
[Site "Sebes"]
[Date "2023.11.05"]
[Round "9"]
[White "Hamitevici, Vladimir"]
[Black "Bulau, Andrei Cristian"]
[Result "1-0"]
[WhiteElo "2482"]
[BlackElo "2172"]
[PlyCount "117"]
[EventDate "2023.11.04"]
[EventType "swiss"]
[EventRounds "10"]
[EventCountry "ROU"]
[SourceTitle "CB46_2023"]
[SourceDate "2023.11.15"]
[SourceVersion "1"]
[SourceVersionDate "2023.11.15"]
[SourceQuality "1"]

1. c4 e6 2. Nf3 d5 3. b3 Nf6 4. g3 b6 5. Bg2 Bb7 6. 0-0 Be7 7. cxd5 exd5 8. d4 0-0 9. Ba3 Bxa3 10. Nxa3 Qe7 11. Nb5 a6 12. Nc3 Nbd7 13. Rc1 Rac8 14. Re1 Rfd8 15. Bh3 Rb8 16. Qd2 c5 17. Qf4 cxd4 18. Nxd4 Qe5 19. Qxe5 Nxe5 20. Na4 b5 21. Nc5 Ne4 22. Nxb7 Rxb7 23. f3 Nd6 24. Red1 Ne8 25. f4 Ng6 26. Rc6 Ra7 27. Nf5 Ne7 28. Nxe7+ Rxe7 29. Bf1 Re6 30. Rdc1 Kf8 31. Kf2 Nd6 32. Bg2 d4 33. Bf3 Ke7 34. R1c5 g6 35. Bd5 Rf6 36. Kf3 Nf5 37. Rxf6 Kxf6 38. Be4 Rd6 39. Rc7 Ne7 40. g4 Nd5 41. Bxd5 Rxd5 42. Rc6+ Ke7 43. Ke4 Rd8 44. Rxa6 h5 45. g5 Rc8 46. Kxd4 Rc2 47. Kd3 Rc1 48. Ra5 Ra1 49. Rxb5 Rxa2 50. Re5+ Kd6 51. Re3 Ra1 52. h3 Rf1 53. Rf3 Rg1 54. Kc4 Rg2 55. e4 h4 56. b4 Rg3 57. Rd3+ Ke6 58. b5 Rxh3 59. Rxh3 1-0

[Event "Sebes GP op"]
[Site "Sebes"]
[Date "2023.11.04"]
[Round "2"]
[White "Rosca, Vasile Benone"]
[Black "Hamitevici, Vladimir"]
[Result "0-1"]
[WhiteElo "1912"]
[BlackElo "2482"]
[PlyCount "58"]
[EventDate "2023.11.04"]
[EventType "swiss"]
[EventRounds "10"]
[EventCountry "ROU"]
[SourceTitle "CB46_2023"]
[SourceDate "2023.11.15"]
[SourceVersion "1"]
[SourceVersionDate "2023.11.15"]
[SourceQuality "1"]

1. e4 c6 2. d4 d5 3. Nc3 a6 4. a4 dxe4 5. Nxe4 Nf6 6. Nxf6+ exf6 7. Bc4 Bd6 8. Ne2 0-0 9. 0-0 Re8 10. a5 Bg4 11. f3 Be6 12. Bd3 Qc7 13. f4 Nd7 14. c4 f5 15. Bd2 Nf6 16. Nc3 Rad8 17. Qf3 Bb4 18. Nb5 cxb5 19. Bxb4 bxc4 20. Rac1 Rxd4 21. Bb1 Nd5 22. Qf2 Rxf4 23. Qc5 Rxf1+ 24. Rxf1 Qxc5+ 25. Bxc5 g6 26. Kf2 Rc8 27. Bd4 Rd8 28. g3 f4 29. Be5 Ne3 0-1

[Event "Bratislava exe op"]
[Site "Bratislava"]
[Date "2023.09.18"]
[Round "4"]
[White "Hamitevici, Vladimir"]
[Black "Kazakouski, Valery"]
[Result "0-1"]
[WhiteElo "2483"]
[BlackElo "2558"]
[PlyCount "72"]
[EventDate "2023.09.15"]
[EventType "swiss"]
[EventRounds "9"]
[EventCountry "SVK"]
[SourceTitle "EXT 2024"]
[Source "ChessBase"]
[SourceDate "2023.10.10"]
[SourceVersion "1"]
[SourceVersionDate "2023.10.10"]
[SourceQuality "1"]

1. c4 c6 2. d4 d5 3. cxd5 cxd5 4. Bf4 Nc6 5. e3 Nf6 6. Bb5 Bd7 7. Nc3 a6 8. Bd3 Bg4 9. Nge2 e6 10. f3 Bh5 11. Bg3 Bg6 12. Nf4 Bd6 13. Rc1 0-0 14. Nxg6 hxg6 15. Bxd6 Qxd6 16. f4 Rfc8 17. 0-0 Rc7 18. g4 Na5 19. g5 Ne8 20. Na4 Rac8 21. Rxc7 Rxc7 22. Nc5 Qe7 23. b3 Nc6 24. Qd2 e5 25. Re1 exd4 26. exd4 Qf8 27. Qf2 Nd6 28. a3 a5 29. Rc1 Ne7 30. Re1 Nc6 31. Rc1 Qc8 32. Na4 Re7 33. Nb6 Qe6 34. Rc2 Qg4+ 35. Kh1 Qd1+ 36. Bf1 Re1 0-1